000 01651nam a2200337Ia 4500
999 _c54077
_d54077
001 21131
003 GE_BSU
005 20210712182419.0
008 181216s2016||||ge |||||||||||||| ||geo||
020 _a9789941244094
040 _cGE_BSU
041 _ageo
080 _a005.8 პ-63
100 _aპორტნი, სტენლი ი.
_912241
245 _aპროექტის მართვა მარტივად /
_cსტენლი ი. პორტნი ; მთარგმნელი სოფიო ხუნდაძე ; რედაქტორი ლია შარვაშიძე ; დიზაინერი თეკლა გიაშვილი.
264 _aთბილისი :
_bპალიტრა L,
_c2016.
300 _a424 გვ. :
_bილ. ;
_c23 სმ.
490 _aლურჯი ოკეანე - წარმატების ბიბლიოთეკა
541 _h12ლ.76თ.
653 _aმენეჯმენტი
653 _aმენეჯმენტი
653 _aმართვა
653 _aბიზნესი
653 _aპროექტის მართვის საწყისი ფაზა
653 _aდროის დაგეგმვა
653 _aრესურსების რაოდენობისა და დროის განსაზღვრა
653 _aჯგუფური მუშაობა
653 _aგუნდის შეკვრა
653 _aპროექტის წარმატებით მართვა
942 _cBK
_2udc